00679nam a2200157Ia 4500008004100000100002500041245008500066245015000151260004900301260000900350300000900359650001300368856004800381999001900429952007300448170221s9999 xx 000 0 und d aNicholas P. Marudas. 3aAn improved model of effects of accounting measures of inefficiency on donations cNicholas P. Marudas, Auburn University Montgomery; TeWhan Hahn, Auburn University Montgomery; Fred A. Jacobs, Georgia State University, Emeritus. bJournal of Management and Marketing Research c2015 a14 : xBusiness uhttp://www.aabri.com/manuscripts/131626.pdf c313128d313128 001040aCLbCLd2017-02-21l0r2017-02-21 00:00:00w2017-02-21yFOJ